Welcome to CU Library Online Public Access Catalogue (OPAC)

Inquiry into life / (Record no. 2096)

MARC details
000 -LEADER
fixed length control field 00521cam a22001934a 4500
001 - CONTROL NUMBER
control field 1684540
005 - DATE AND TIME OF LATEST TRANSACTION
control field 20241212110130.0
008 - FIXED-LENGTH DATA ELEMENTS--GENERAL INFORMATION
fixed length control field 990203s2000 maua b 001 0 eng
020 ## - INTERNATIONAL STANDARD BOOK NUMBER
International Standard Book Number 9780697360700
050 00 - LIBRARY OF CONGRESS CALL NUMBER
Classification number QH308.2
Item number .M363 2000
082 00 - DEWEY DECIMAL CLASSIFICATION NUMBER
Classification number 570
Edition information 21
100 1# - MAIN ENTRY--PERSONAL NAME
Personal name Mader, Sylvia S.
245 10 - TITLE STATEMENT
Title Inquiry into life /
Statement of responsibility, etc. Sylvia S. Mader.
250 ## - EDITION STATEMENT
Edition statement 9th ed.
260 ## - PUBLICATION, DISTRIBUTION, ETC.
Place of publication, distribution, etc. Boston :
Name of publisher, distributor, etc. McGraw-Hill,
Date of publication, distribution, etc. c2000.
300 ## - PHYSICAL DESCRIPTION
Extent 1 v. (various pagings) :
Other physical details ill. ;
Dimensions 29 cm.
650 #0 - SUBJECT ADDED ENTRY--TOPICAL TERM
Topical term or geographic name entry element Biology.
942 ## - ADDED ENTRY ELEMENTS (KOHA)
Source of classification or shelving scheme Library of Congress Classification
Koha item type Books
Edition 9th ed.
Suppress in OPAC No
999 ## -
-- 2096
-- 2096
Holdings
Withdrawn status Lost status Source of classification or shelving scheme Damaged status Not for loan Collection Home library Current library Shelving location Date acquired Total checkouts Full call number Barcode Date last seen Copy number Price effective from Koha item type
    Library of Congress Classification     Non-fiction Science Library (Miotso) Science Library (Miotso) General stacks 12/12/2024   QH308.2 .M24 MAD SLM00001224 12/12/2024 1 12/12/2024 Books
© 2023-2024 Copyright: Central University Libraries. All Rights Reserved | Created by: Mahone Tech Office